Don Quijote de la Mancha V

Na minha lista:
Detalhes bibliográficos
Autor principal: Cervantes Saavedra, Miguel de
Formato: Livro
Idioma:Undetermined
Publicado em: Madrid, España Editorial Espasa Calpe 1969
Assuntos:
Tags: Adicionar Tag
Sem tags, seja o primeiro a adicionar uma tag!

MARC

LEADER 00000nam a2200000Ia 4500
008 170316s9999 xx 000 0 und d
040 |a Ccru BVZT 
090 |a 862 C-37d v.5 
100 |a Cervantes Saavedra, Miguel de 
245 |a Don Quijote de la Mancha V 
260 |a Madrid, España 
260 |b Editorial Espasa Calpe 
260 |c 1969 
300 |a 344 páginas. Tomo V 
650 |a LITERATURA ESPAÑOLA 
999 |c 9687  |d 9687 
942 |c 15 D  |h 862 C-37d v.5  |2 z